Countries With the Highest Kidnapping Rate - Statistics

General Stats
  • This quiz has been taken 56 times
  • The average score is 8 of 20
Answer Stats
Continent Answer % Correct
North America Mexico
81%
Europe Russia
77%
Europe Ukraine
67%
Africa South Africa
65%
Australia/Oceania Australia
52%
South America Chile
52%
Australia/Oceania New Zealand
52%
South America Ecuador
48%
North America Canada
46%
Asia Indonesia
42%
Asia Pakistan
42%
Europe Romania
40%
Europe Germany
33%
Europe Portugal
33%
Europe Belgium
21%
Africa Morocco
21%
Europe Netherlands
17%
Asia Saudi Arabia
13%
Africa Cameroon
10%
Africa Benin
8%
No matching quizzes found
Score Distribution
Percent of People with Each Score
Percentile by Number Answered
Your Score History
You have not taken this quiz